| 000 | 00797pam a2200253 i 4500 | ||
|---|---|---|---|
| 001 | 1763103 | ||
| 003 | OSt | ||
| 005 | 20230619100942.0 | ||
| 008 | 770429s1977 nyua b 001 0 eng | ||
| 010 | _a 76047429 | ||
| 020 |
_a0195021924 : _c$12.95. _a0195021932 _c$2.95 |
||
| 040 |
_aDLC _cDLC _dDLC |
||
| 050 | 0 | 0 |
_aB945.P584 _bG44 |
| 082 | 0 | 0 |
_a191. _bGEL |
| 100 | 1 |
_aGelwick, Richard, _d1931- |
|
| 245 | 1 | 4 |
_aThe way of discovery : _ban introduction to the thought of Michael Polanyi / _cRichard Gelwick. |
| 260 |
_aNew York : _bOxford University Press, _c1977. |
||
| 300 |
_axix, 181 p. : _bill. ; _c22 cm. |
||
| 500 | _aIncludes index. | ||
| 504 | _aBibliography: p. 175-176. | ||
| 600 | 1 | 0 |
_aPolanyi, Michael, _d1891- |
| 906 |
_a7 _bcbc _corignew _d1 _eocip _f19 _gy-gencatlg |
||
| 942 |
_2ddc _cBK |
||
| 999 |
_c1188 _d1188 |
||